L'Aigua de Montcada : l'abastament municipal d'aigua de Barcelona. Mil Anys d'Història / Pere Conillera i Vives l'abastament municipal d'aigua de Barcelona. Mil Anys d'Història / Pere Conillera i Vives
Descripción Física:
158 p. . il. ; 23 cm
Colección:
Descobrir el medi urbà , 8
MARC
| LEADER | 00000nam a2200000Ia 4500 | ||
|---|---|---|---|
| 001 | 10676 | ||
| 003 | BGR | ||
| 005 | 20260324175612.0 | ||
| 008 | 160829s9999 xx 000 0 cat d | ||
| 080 | |a C-1-578 | ||
| 100 | |a Conillera i Vives, Pere |9 34743 | ||
| 245 | |a L'Aigua de Montcada : |b l'abastament municipal d'aigua de Barcelona. Mil Anys d'Història / Pere Conillera i Vives | ||
| 260 | |a Barcelona : |b Ajuntament de Barcelona, Àrea de Salut Pública, DL 1991 | ||
| 300 | |a 158 p. . il. ; |c 23 cm | ||
| 490 | |a Descobrir el medi urbà , 8 | ||
| 590 | |a A peu de portada: Institut d'Ecologia Urbana de Barcelona. | ||
| 650 | 0 | |a Aigua |x Abastament |z Barcelona (Catalunya) |x Història |9 34744 | |
| 710 | 1 | |a Barcelona (Catalunya). |b Ajuntament |9 50981 | |
| 710 | 1 | |a Institut d'Ecologia Urbana de Barcelona |9 70642 | |
| 901 | |a Arxiu | ||
| 942 | |n 1 |2 udc |c MON | ||
| 952 | |0 0 |1 0 |4 0 |6 C1578 |7 1 |9 46628 |a Arxiu |b Arxiu |d 2016-12-01 |l 0 |o C-1-578 |p 10676 |r 2016-12-01 00:00:00 |w 2016-12-01 |y ARXIU | ||
| 999 | |c 50421 |d 50421 | ||